Bộ thông sử thế giới vạn năm : có tranh minh hoạ. t.II,a
Spremljeno u:
| Format: | Sách giấy |
|---|---|
| Jezik: | Vietnamese |
| Izdano: |
H. :
Văn hoá - Thông tin,
2004
|
| Teme: | |
| Oznake: |
Dodaj oznaku
Bez oznaka, Budi prvi tko označuje ovaj zapis!
|
| Thư viện lưu trữ: | Thư viện Trường Đại học Đà Lạt |
|---|
| LEADER | 00717nam a2200289 4500 | ||
|---|---|---|---|
| 001 | DLU050048486 | ||
| 005 | ##20050922 | ||
| 040 | # | # | |a DLU |b vie |
| 041 | # | # | |a vie |
| 044 | # | # | |a vn |
| 082 | # | # | |a 909 |b Bot |
| 245 | # | # | |a Bộ thông sử thế giới vạn năm : |b có tranh minh hoạ. |n t.II,a |
| 260 | # | # | |a H. : |b Văn hoá - Thông tin, |c 2004 |
| 300 | # | # | |a 1316 tr. ; |c 31 cm |
| 650 | # | # | |a Bách khoa toàn thư và từ điển. |
| 650 | # | # | |a Lịch sử thế giới. |
| 923 | # | # | |a 39/2005 |
| 992 | # | # | |a 250.000 |
| 994 | # | # | |a DLU |
| 998 | # | # | |a TK |
| 900 | # | # | |a True |
| 911 | # | # | |a Đào Thị Thu Huyền |
| 925 | # | # | |a G |
| 926 | # | # | |a A |
| 927 | # | # | |a SH |
| 980 | # | # | |a Thư viện Trường Đại học Đà Lạt |